• 首页
  • 本馆介绍
  • 公告通知
  • 最新文献
  • 馆藏检索
  • 电子资源
  • 读者导购
  • 参考咨询
  • 我的图书馆
  • 登录
  • 详细信息显示
  • 放入我的书架
  • 预约/预借图书
  • 作者相关作品
  • 分类相关作品
  • 丛书相关作品
  • 出版社相关作品

书目信息

  • 表格格式
  • 工作单格式
  • 卡片格式
题名:
FLUENT
    
 
作者: 韩占忠 , 王敬 , 兰小平 编
分册:  
出版信息: 北京   北京理工大学出版社  2010
页数: 321页
开本: 26cm
丛书名: CAD/CAM/CAE实用技术丛书
单 册:
中图分类: TB126-39 , TB126
科图分类:
主题词: 流体力学--工程力学--计算机仿真--教学参考资料
电子资源:
ISBN: 978-7-5640-0260-2
000 01188nam 2200325 450
001 2339753801
005 20231218140827.36
010    @a978-7-5640-0260-2@dCNY49.00
010    @a978-7-900767-45-5@b光盘
100    @a20150114d2010 em y0chiy50 ea
101 0  @achi
102    @aCN@b110000
105    @aak a 000yy
200 1  @aFLUENT@e流体工程仿真计算实例与应用@f韩占忠, 王敬, 兰小平编
205    @a第2版
210    @a北京@c北京理工大学出版社@d2010
215    @a321页@c图@d26cm
225 2  @aCAD/CAM/CAE实用技术丛书@ACAD/CAM/CAEshi yong ji shu cong shu
320    @a有书目
330    @a本书给出了11个实例, 读者只要按照书中的步骤一步一步进行, 即可完成一个具体问题的数值模拟与分析, 进而逐步掌握利用FLUENT进行流体流动数值模拟的基本方法。
410  0 @12001 @aCAD/CAM/CAE实用技术丛书
517 1  @a流体工程仿真计算实例与应用@Aliu ti gong cheng fang zhen ji suan shi li yu ying yong
606 0  @a流体力学@x工程力学@x计算机仿真@j教学参考资料
690    @aTB126-39@v5
690    @aTB126@v4
701  0 @a韩占忠@Ahan zhan zhong@4编
701  0 @a王敬@Awang jing@4编
701  0 @a兰小平@Alan xiao ping@4编
801  0 @aCN@b湖北三新@c20150114
905    @aZUCC@dTB126@e4=2
    
    FLUENT:流体工程仿真计算实例与应用/韩占忠, 王敬, 兰小平编.-第2版.-北京:北京理工大学出版社,2010
    321页:图;26cm.-(CAD/CAM/CAE实用技术丛书)
    
    
    ISBN 978-7-5640-0260-2:CNY49.00
    本书给出了11个实例, 读者只要按照书中的步骤一步一步进行, 即可完成一个具体问题的数值模拟与分析, 进而逐步掌握利用FLUENT进行流体流动数值模拟的基本方法。
●
相关链接 在五车中查询图书 在当当中查询图书 在豆瓣中查询图书


正题名:FLUENT     索取号:TB126/4=2         预约/预借

序号 登录号 条形码 馆藏地/架位号 状态 备注
1 2001355657   2001355657   617书库/ [索取号:TB126/4=2] 在馆    
2 2001355658   2001355658   617书库/ [索取号:TB126/4=2] 在馆    
3 2001355659   2001355659   617书库/ [索取号:TB126/4=2] 在馆    
4 2001355660   2001355660   617书库/ [索取号:TB126/4=2] 在馆    
5 2001355661   2001355661   617书库/ [索取号:TB126/4=2] 在馆    
6 2001355662   2001355662   617书库/ [索取号:TB126/4=2] 在馆    
7 2001355663   2001355663   617书库/ [索取号:TB126/4=2] 在馆    
8 2001355664   2001355664   617书库/ [索取号:TB126/4=2] 在馆    
9 2001355665   2001355665   617书库/ [索取号:TB126/4=2] 在馆    
10 2001355666   2001355666   617书库/ [索取号:TB126/4=2] 在馆    
11 2001355667   2001355667   617书库/ [索取号:TB126/4=2] 在馆    
12 2001355668   2001355668   617书库/ [索取号:TB126/4=2] 在馆    
13 2001355669   2001355669   617书库/ [索取号:TB126/4=2] 在馆    
14 2001355670   2001355670   617书库/ [索取号:TB126/4=2] 在馆    
15 2001355671   2001355671   617书库/ [索取号:TB126/4=2] 在馆    
16 2001355672   2001355672   617书库/ [索取号:TB126/4=2] 在馆    
17 2001355673   2001355673   617书库/ [索取号:TB126/4=2] 在馆    
18 2001355674   2001355674   617书库/ [索取号:TB126/4=2] 在馆    
19 2001355675   2001355675   617书库/ [索取号:TB126/4=2] 在馆    
20 2001355676   2001355676   617书库/ [索取号:TB126/4=2] 在馆    
21 2001355677   2001355677   617书库/ [索取号:TB126/4=2] 在馆    
22 2001355678   2001355678   617书库/ [索取号:TB126/4=2] 在馆    
23 2001355679   2001355679   617书库/ [索取号:TB126/4=2] 在馆    
24 2001355680   2001355680   617书库/ [索取号:TB126/4=2] 在馆    
25 2001355681   2001355681   617书库/ [索取号:TB126/4=2] 在馆    
山东省滨州职业学院图书馆 欢迎您!
大连网信软件有限公司© 版权所有